00720nam a2200193Ia 4500003000900000008002700009020001800036040002800054082001200082100001900094245006500113250002400178260003200202300005900234490008300293650003600376650007900412650003500491CO-ViMGA180103s9999 xx 000 0 und d a9789588954523 aCO-ViMGAbspacCO-ViMGA04aAbBIA11 a Bianki, Diego10aLa luna está llena /c textos e ilustraciones Diego Bianki aEdición especial. a Bogotá :b Babel,c2017. a [18] páginas sin numerar :bilustraciones A color ; aPlan Nacional de Lectura y Escritura Leer es mi Cuento / Ministerio de Cultura14a Imaginación En La Literatura14aÁlbumes Infantiles Argentinos Álbumes Infantiles Argentinos.ySiglo XX14aLibros Ilustrados Para Niños